AFL 2023 Season Ladder - Statistics

General Stats
  • This quiz has been taken 319 times
  • The average score is 14 of 18
Answer Stats
Position Answer % Correct
1 (p) Collingwood
100%
2 Brisbane
97%
3 Port Adelaide
90%
4 Melbourne
85%
5 Carlton
84%
7 GWS
82%
6 St Kilda
80%
17 North Melbourne
78%
8 Sydney
78%
18 West Coast
77%
10 Adelaide
74%
9 Western Bulldogs
74%
15 Gold Coast
72%
11 Essendon
71%
14 Fremantle
71%
16 Hawthorn
71%
12 Geelong
69%
13 Richmond
68%
No matching quizzes found
Score Distribution
Percent of People with Each Score
Percentile by Number Answered
Your Score History
You have not taken this quiz